000 01071aam a2200409 4500
005 20260227125810.0
008 150605b2012 xxu||||| |||| 00| 0 spa d
020 _a9789587550610
041 _aESP
082 _a617.6 G643o
100 _aGonzález García, Enrique
_923568
245 _aOclusión práctica: conceptos actuales
260 _aVenezuela
260 _bAMOLCA
260 _c2012
300 _a204 páginas
300 _bFotografías a color
490 _aMecánica Dental
505 _aIncluye casos clínicos
650 _aOCLUSIÓN
650 _aARTICULACIÓN TEMPOROMANDIBULAR
650 _aDISFUNCIÓN TEMPOROMANDIBULAR
650 _aINSTRUMENTACIÓN
650 _aARTICULADOR PANADENT
650 _aARCO FACIAL
650 _aNASIÓN
650 _aARTICULADOR AD2
650 _aARCO FACIAL
650 _aMESA DE CALIBRACIÓN
650 _aBITE FORK
650 _aPANADENT CPI
650 _aAD2 MCD
650 _aACCUTRAC
650 _aGUARDA OCLUSAL GNATOLÓGICA
650 _aCASOS CLINICOS
942 _cBK
_2ddc
999 _c2678
_d2678